书目信息 |
| 题名: |
鲁滨逊漂流记
|
|
| 作者: | 笛福, 著 ;冀湘 译 | |
| 分册: | ||
| 出版信息: | 呼和浩特 远方出版社 2004.1 |
|
| 页数: | 487页 | |
| 开本: | 21cm | |
| 丛书名: | 世界名著系列 | |
| 单 册: | ||
| 中图分类: | I561.44 | |
| 科图分类: | ||
| 主题词: | 长篇小说--chang pian xiao shuo--英国--近代 | |
| 电子资源: | ||
| ISBN: | 7-80595-642-1 | |
| 000 | 00986cam2 2200277 450 | |
| 001 | 012005000186 | |
| 005 | 20051117094905.59 | |
| 010 | @a7-80595-642-1@dCNY418.00(全16册) | |
| 100 | @a20050716d2004 em y0chiy0121 ea | |
| 101 | 1 | @achi@ceng |
| 102 | @aCN@b150000 | |
| 105 | @ay z 000ay | |
| 200 | 1 | @a鲁滨逊漂流记@Alu bin xun piao liu ji@d= Robinson Crusoe@f(英)丹尼尔·笛福著@g[冀湘译]@zeng |
| 210 | @a呼和浩特@c远方出版社@d2004.1 | |
| 215 | @a487页@d21cm | |
| 225 | 2 | @a世界名著系列@Ashi jie ming zhu xi lie |
| 330 | @a本书主人公鲁宾逊从小就痴迷于航海,为了实现他的航海梦,他不顾父母的反对与劝诫,毅然出走,最终寻找机会踏上了航海的路途……。 | |
| 461 | 0 | @12001 @a世界名著系列 |
| 510 | 1 | @aRobinson Crusoe@zeng |
| 606 | 0 | @a长篇小说@Achang pian xiao shuo@y英国@z近代 |
| 690 | @aI561.44@v4 | |
| 701 | 1 | @c(英)@a笛福,@Adi fu@b丹尼尔@4著 |
| 702 | 0 | @a冀湘@Aji xiang@4译 |
| 801 | 0 | @aCN@bSRXX@c20051117 |
| 801 | 2 | @aCN@bSRXX@c20051021 |
| 905 | @a10447@dI561.44@eD154 | |
| 鲁滨逊漂流记= Robinson Crusoe/(英)丹尼尔·笛福著/[冀湘译].-呼和浩特:远方出版社,2004.1 |
| 487页;21cm.-(世界名著系列) |
| ISBN 7-80595-642-1:CNY418.00(全16册) |
| 本书主人公鲁宾逊从小就痴迷于航海,为了实现他的航海梦,他不顾父母的反对与劝诫,毅然出走,最终寻找机会踏上了航海的路途……。 |
| ● |
| 相关链接 |
|
|
|
正题名:鲁滨逊漂流记
索取号:I561.44/D154
 
预约/预借
| 序号 | 登录号 | 条形码 | 馆藏地/架位号 | 状态 | 备注 |
| 1 | 542783 | 205427830 | 社科二线400B/400B社科库 17排1列1层/ [索取号:I561.44/D154] | 在馆 | |
| 2 | 542784 | 205427849 | 文学库116/ [索取号:I561.44/D154] | 在馆 | |
| 3 | 542785 | 205427858 | 社科二线400B/116文学库 20排1列1层/ [索取号:I561.44/D154] | 在馆 |